[Event "ESP-ch U16"]
[Site "Salobrena"]
[Date "2022.07.25"]
[Round "1"]
[White "Perez Bolanos, David"]
[Black "Pedreira Garcia, Nicolas"]
[Result "1-0"]
[WhiteElo "2041"]
[BlackElo "1679"]
[PlyCount "87"]
[EventDate "2022.07.25"]
[EventType "swiss"]
[EventRounds "9"]
[EventCountry "ESP"]
[SourceTitle "EXT 2023"]
[Source "ChessBase"]
[SourceDate "2022.10.05"]
[SourceVersion "1"]
[SourceVersionDate "2022.10.05"]
[SourceQuality "1"]

1. d4 Nf6 2. Nf3 e6 3. c4 Bb4+ 4. Bd2 Qe7 5. g3 0-0 6. Bg2 Nc6 7. 0-0 Bxd2 8. Qxd2 d6 9. Nc3 e5 10. e3 h6 11. b3 Bf5 12. Qb2 Rfe8 13. a3 Rad8 14. Rac1 exd4 15. exd4 Qd7 16. Rfd1 Bg4 17. Rd3 Bf5 18. Re3 Rxe3 19. fxe3 Re8 20. Re1 Ne4 21. Nd2 Ng5 22. Nd5 Nh3+ 23. Bxh3 Bxh3 24. e4 Ne7 25. Nf4 Bg4 26. Nf1 g5 27. Nd3 Ng6 28. Nf2 c5 29. Ne3 Be6 30. d5 Bh3 31. Qf6 Re5 32. Nxh3 Qxh3 33. Nf5 Rxf5 34. exf5 Ne5 35. Rxe5 dxe5 36. Qxe5 Qg4 37. f6 Qd1+ 38. Kg2 Qc2+ 39. Kh3 Qg6 40. d6 Kh7 41. d7 Qd3 42. Qd5 Qf1+ 43. Kg4 Kg6 44. Qe4+ 1-0